000 00683nam a22001937a 4500
003 NUST-PNEC
005 20170116180742.0
008 150105b xxu||||| |||| 00| 0 eng d
020 _a8121924529
040 _cPNEC
082 _a174.937 SUR
100 _91162
_aSuresh, Jayshree
245 _aProfessional ethics: values and ethics of profession
_cJayshree Suresh and B.S. Raghavan
260 _aNew Delhi :
_bS. Chand & Company Ltd.,
_cc2005
300 _av, 233 p. :
_bill.;
_c25 cm.
650 _xMIS
856 _uhttp://www.amazon.com/Professional-Ethics-Values-Profession/dp/8121924529/ref=sr_1_1?s=books&ie=UTF8&qid=1420438563&sr=1-1&keywords=8121924529
942 _2ddc
_cBK
999 _c62235
_d62235